| 000 | 01932cam a22002174a 4500 | ||
|---|---|---|---|
| 005 | 20250605164122.0 | ||
| 008 | 250528s ||||||||||||||||||||||||d | ||
| 035 | _a18323 | ||
| 020 | _a9608165172 | ||
| 040 |
_aGR-AtMCL _bgre _dGR-AtMCL _eAACR2 |
||
| 245 | 1 | _aΕφαρμοσμένο Marketing / Γ' 'Εκδοση Βελτιωμένη | |
| 250 | _a3η | ||
| 260 |
_bΣύγχρονη Εκδοτική, _c2001 |
||
| 300 | _a512 | ||
| 505 | 0 | _aΤάσεις της Στρατηγικής Marketing στην Αντιμετώπιση των Αναγκών της Νέας Οικονομίας, Συμπεριφορά Καταναλωτή, Τμηματοποίηση Αγοράς, Έρευνα Αγοράς, Σημασία της Ποιότητας στο Marketing, Μείγμα Marketing, Trade Marketing, Το Ιαπωνικό Marketing, Marketing στο Ηλεκτρονικό Εμπόριο, Διοίκηση Πωλήσεων, Στρατηγική Marketing, Προγραμματισμός και Οργάνωση Marketing, Στρατηγική Καινοτομίας Προιόντος, Βιβλιογραφία. | |
| 520 | _aΤάσεις της Στρατηγικής Marketing στην Αντιμετώπιση των Αναγκών της Νέας Οικονομίας, Συμπεριφορά Καταναλωτή, Τμηματοποίηση Αγοράς, Έρευνα Αγοράς, Σημασία της Ποιότητας στο Marketing, Μείγμα Marketing, Trade Marketing, Το Ιαπωνικό Marketing, Marketing στο Ηλεκτρονικό Εμπόριο, Διοίκηση Πωλήσεων, Στρατηγική Marketing, Προγραμματισμός και Οργάνωση Marketing, Στρατηγική Καινοτομίας Προιόντος, Βιβλιογραφία. | ||
| 700 | 1 |
_aΚυριαζόπουλος Παναγιώτης Γ _91045 |
|
| 942 | _cBK | ||
| 999 |
_c3686 _d3686 |
||